书目信息 |
| 题名: |
中药药理学
|
|
| 作者: | 沈映君 主编 | |
| 分册: | ||
| 出版信息: | 北京 人民卫生出版社 2008.1 |
|
| 页数: | 1102页 | |
| 开本: | 26cm | |
| 丛书名: | 中医药学高级丛书 | |
| 单 册: | ||
| 中图分类: | R285 | |
| 科图分类: | ||
| 主题词: | 中药学--药理学 , 中药学 , 药理学 | |
| 电子资源: | ||
| ISBN: | 978-7-117-03791-4 | |
| 000 | 00991oam2 2200277 45 | |
| 001 | 1354544139 | |
| 005 | 20130510094111.54 | |
| 010 | @a978-7-117-03791-4@b精装@dCNY97.00 | |
| 100 | @a20130108d2008 emky0chiy0110 ea | |
| 101 | 0 | @achi |
| 102 | @aCN@b110000 | |
| 105 | @ay z 001yy | |
| 106 | @ar | |
| 200 | 1 | @a中药药理学@AZhong Yao Yao Li Xue@f沈映君主编@FShen Ying Jun Zhu Bian |
| 210 | @a北京@c人民卫生出版社@d2008.1 | |
| 215 | @a1102页@d26cm | |
| 225 | 2 | @a中医药学高级丛书 |
| 330 | @a全书分总论、各论两部分。总论重点介绍药理学的研究对象、中药对机体的基本作用、中药药动学、中药毒理学、中药研究的基本方法等。各论按中药功效分类,重点介绍单味中药169味,常用方剂68首,每味方药皆从功效与药理、主治、现代应用、不良反应等几方面论述。 | |
| 461 | 0 | @12001 @a中医药学高级丛书 |
| 606 | 0 | @a中药学@x药理学 |
| 606 | 0 | @a中药学 |
| 606 | 0 | @a药理学 |
| 690 | @aR285@v5 | |
| 701 | 0 | @a沈映君@AShen Ying Jun@4主编 |
| 801 | @aCN@bTANGWEI@c20130109 | |
| 905 | @b0830776-78@dR285@e293@f3 | |
| 中药药理学/沈映君主编.-北京:人民卫生出版社,2008.1 |
| 1102页;26cm.-(中医药学高级丛书) |
| ISBN 978-7-117-03791-4(精装):CNY97.00 |
| 全书分总论、各论两部分。总论重点介绍药理学的研究对象、中药对机体的基本作用、中药药动学、中药毒理学、中药研究的基本方法等。各论按中药功效分类,重点介绍单味中药169味,常用方剂68首,每味方药皆从功效与药理、主治、现代应用、不良反应等几方面论述。 |
| ● |
| 相关链接 |
|
|
|
|
正题名:中药药理学
索取号:R285/293
 
预约/预借
| 序号 | 登录号 | 条形码 | 馆藏地/架位号 | 状态 | 备注 |
| 1 | 0830776 | 208307768 | 第二样本阅览室/ [索取号:R285/293] | 在馆 | |
| 2 | 0830777 | 208307777 | 第三借阅区/ [索取号:R285/293] | 在馆 | |
| 3 | 0830778 | 208307786 | 第三借阅区/ [索取号:R285/293] | 在馆 |